Statistics for Official Names for countries 194 - 205

Click here to take the quiz!

General Stats

  • This quiz has been taken 19 times
  • The average score is 3 of 9

Answer Stats

Common English Name(s)Answer% Correct
TaiwanRepublic of China
100%
KosovoRepublic of Kosovo
45%
NiueRepublic of Niue
36%
GreenlandRepublic of Greenland
27%
Cook IslandsRepublic of the Cook Islands
27%
Western SaharaSahrawi Arab Democratic Republic
27%
PalestineState of Palestine
27%
Aruba, Curaçao, Sint MaartenDutch Caribbean
9%
Vatican CityItalian State of Vatican City
9%

Score Distribution

Percentile by Number Answered

Percent of People with Each Score

Your Score History

You have not taken this quiz